Mis mejores adivinanzas / (Registro nro. 14810)
[ vista simple ]
| 000 -LIDER | |
|---|---|
| fixed length control field | 00775nam a22002417a 4500 |
| 003 - IDENTIFICACDOR DE NÚMERO DE CONTROL | |
| control field | DO-SdBNP |
| 005 - DATE AND TIME OF LATEST TRANSACTION | |
| control field | 20260313120813.0 |
| 008 - ELEMENTOS DE LONGITUD FIJA | |
| fixed length control field | 210806b2011 sp |||| 00| 0 spa d |
| 020 ## - ISBN | |
| International Standard Book Number | 9788466212908 |
| 040 ## - FUENTE DE CATALOGACIÓN | |
| Agencia que crea de manera original el registro | BPMSU |
| Idioma de catalogación | spa |
| Agencia que realiza la transcripción | BPMSU |
| 082 ## - NÚMERO DE CLASIFICACIÓN DECIMAL DE DEWEY | |
| Classification number | 398.6 |
| Item number | P466m 2001 |
| Edition number | 22 |
| 100 1# - ASIENTO PRINCIPAL -- NOMBRE PERSONAL | |
| Nombre personal | Pérsico, Lucrecia |
| 245 10 - MENCIÓN DE TITULO | |
| Título | Mis mejores adivinanzas / |
| Mención de responsabilidad | Lucrecia Pérsico ; ilustraciones Jesús López Pastor |
| 260 ## - PUBLICACIÓN, DISTRIBUCIÓN, ETC. (PIE DE IMPRENTA) | |
| Lugar de publicación, distribución, etc | Madrid : |
| Nombre del editor, distribuidor, etc. | Editorial Libsa, |
| Fecha de publicación, distribución, etc | 2011 |
| 300 ## - DESCRIPCIÓN FÍSICA | |
| Extensión | 92 p. ; |
| Dimensiones | 23 cm. |
| 590 ## - NOTA LOCAL | |
| Texto de la nota local | Inventariado, 2024/VM |
| Enlace | Inventariado, 2021/VM |
| 650 #4 - ENCABEZAMIENTO DE MATERIA--TEMÁTICO | |
| Término temático o nombre geográfico como elemento de entrada | Adivinanzas |
| 650 #4 - ENCABEZAMIENTO DE MATERIA--TEMÁTICO | |
| Término temático o nombre geográfico como elemento de entrada | Literatura folclórica |
| 650 #4 - ENCABEZAMIENTO DE MATERIA--TEMÁTICO | |
| Término temático o nombre geográfico como elemento de entrada | Libros ilustrados para niños |
| 700 1# - ASIENTO SECUNDARIO -- NOMBRE PERSONAL | |
| Nombre personal | López Pastor, Jesús |
| Mención de responsabilidad | ilustración |
| 910 ## - VALIDACIÓN | |
| Validación | VMateo V. Control de calidad. BPMSU |
| 942 ## - ADDED ENTRY ELEMENTS (KOHA) | |
| Source of classification or shelving scheme | Dewey Decimal Classification |
| Koha item type | Libros |
| Withdrawn status | Lost status | Source of classification or shelving scheme | Damaged status | Not for loan | Collection code | Home library | Current library | Date acquired | Total Checkouts | Full call number | Barcode | Date last seen | Price effective from | Koha item type |
|---|---|---|---|---|---|---|---|---|---|---|---|---|---|---|
| Dewey Decimal Classification | Colección Infantil General | Biblioteca Pública Metropolitana Salomé Ureña | Biblioteca Pública Metropolitana Salomé Ureña | 09/11/2024 | BPMSU CGI 398.6 P466m 20011 | BPMSU24090033 | 09/11/2024 | 09/11/2024 | Libros |